00894nam a22001817a 4500003000900000008004100009020001800050040007100068082002200139100002900161245014900190260003500339300002800374505024100402650001600643650002600659650002700685AR-CdUCM190410b ||||| |||| 00| 0 spa d a9786120026731 aMUNICIPALIDAD PROVINCIAL DEL CUSCOcBIBLIOTECA MUNICIPAL DEL CUSCO a372.12 / Z95bZ95 aZúniga Álvarez, Luis aDiseño y uso de rúbricas para evaluar competencias comunicativas :bUna propuesta desde la evaluación formativa /cLuis Zúniga Álvarez aCusco :bDanny's Graff,c2017. a108 páginas ;c20 cm. aContenido: Evaluación en los procesos de enseñanza aprendizaje -- Evaluación formativa en los PEEA -- Competencias y su tratamiento en el CNEB -- Evaluación formativa de las competencias -- Rúbricas o matrices de valoración. aEducación aEvaluación integral aEvaluación formativa